Work on listed building (Record no. 66641)

MARC details
000 -LEADER
fixed length control field 00865cam a2200217 4500
001 - CONTROL NUMBER
control field WB3714-54
008 - FIXED-LENGTH DATA ELEMENTS--GENERAL INFORMATION
fixed length control field 000000n2001 000 0 eng u
035 ## - SYSTEM CONTROL NUMBER
System control number (Sirsi) u111834
245 ## - TITLE STATEMENT
Title Work on listed building
260 ## - PUBLICATION, DISTRIBUTION, ETC.
Date of publication, distribution, etc. 2001
490 ## - SERIES STATEMENT
Series statement Estates Gazette Case Summaries
Volume/sequential designation [2001] EGCS 40(1) (31/03/01)
520 ## - SUMMARY, ETC.
Summary, etc. "Customs & Excise Commissioners v Zielinski Baker & Partners Ltd", ChD 15 March 2001, which examined whether the defendant (Z) could claim that major construction work within the curtilage of a listed house should be zero-rated under Value Added Tax Act 1994 Sch 8 Group 6. Appeal upheld.
590 ## - LOCAL NOTE (RLIN)
Local note WB
650 ## - SUBJECT ADDED ENTRY--TOPICAL TERM
Topical term or geographic name entry element VALUE ADDED TAX 1994 Sch 8
650 ## - SUBJECT ADDED ENTRY--TOPICAL TERM
Topical term or geographic name entry element LISTED BUILDINGS
650 ## - SUBJECT ADDED ENTRY--TOPICAL TERM
Topical term or geographic name entry element CURTILAGE
650 ## - SUBJECT ADDED ENTRY--TOPICAL TERM
Topical term or geographic name entry element CONVERSIONS
650 ## - SUBJECT ADDED ENTRY--TOPICAL TERM
Topical term or geographic name entry element CUSTOMS AND EXCISE COMMISSIONERS V ZIELINSKI BAKER
690 ## - LOCAL SUBJECT ADDED ENTRY--TOPICAL TERM (OCLC, RLIN)
Topical term or geographic name as entry element TAXATION
942 ## - ADDED ENTRY ELEMENTS (KOHA)
Suppress in OPAC 0
Holdings
Withdrawn status Lost status Source of classification or shelving scheme Damaged status Not for loan Home library Current library Shelving location Date acquired Total Checkouts Full call number Barcode Date last seen Copy number Price effective from Koha item type
    Dewey Decimal Classification     London London News article 04/04/2001   WB3714-54 111834-1001 06/08/2019 1 06/08/2019 News article